| 000 | 00952nam a2200277Ia 4500 | ||
|---|---|---|---|
| 003 | OSt | ||
| 005 | 20220930092657.0 | ||
| 006 | a|||||r|||| 00| 0 | ||
| 007 | ta | ||
| 008 | 220926b |||||||| |||| 00| 0 eng d | ||
| 024 | _a23667 | ||
| 037 | _cTheses | ||
| 040 |
_aCRL _cCRL _beng |
||
| 041 |
_2eng _aeng |
||
| 100 |
_aRamya S. G. _9549435 |
||
| 110 |
_aUniversity OF Delhi. Faculty OF Medical Sciences. Department OF General Medicine _9544737 |
||
| 245 | 0 | _aCorrelation of alt/ast ratio with insulin resistance in metabolic syndrome | |
| 260 | _c2014 | ||
| 650 | _aMEDICINE | ||
| 700 |
_a Dr. Atul Murari Gu. _9537126 |
||
| 700 |
_a Dr. Ritu Singh Gu. _9540864 |
||
| 700 |
_a Dr. S. K. Mishra Gu. _9536082 |
||
| 700 |
_aUniversity OF Delhi. Faculty OF Medical Sciences. Department OF General Medicine _9544739 |
||
| 942 |
_cDIS _2CC |
||
| 999 |
_c884134 _d884134 |
||